انقضاء الرابطة الوظيفية والرقابة القضائية على القرارات الصادرة بشأنها : (رقم التسجيلة. 41026)

تفاصيل مارك
000 -الفاتح
حقل البيانات ثابتة الطول 00937nam a22002177a 4500
003 - محدد رقم الضبط
رقم الضبط OSt
005 - وقت وتاريخ اخر تعامل مع التسجيلة
رقم الضبط 20171003164544.0
008 - عناصر البيانات ثابتة الطول - معلومات عامة
حقل البيانات ثابتة الطول 160502s2017 ua g b 000 0 ara d
020 ## - الرقم الدولى المعيارى للكتب
الرقم الدولى المعيارى للكتاب 9789777960960
040 ## - مصدر الفهرسة
وكالة الفهرسة الأصلية Ma-Un
لغة الفهرسة ara
وكالة النسخ Dar Arab
082 04 - رقم تصنيف ديوى العشرى
رقم التصنيف 345.620772
رقم الطبعة 21
رقم المادة ط ح ت
100 1# - المدخل الرئيسى - إسم شخصى
الإسم الشخصى الطائي، حسان عبد الله يونس
9 (RLIN) 59987
245 10 - بيان العنوان
العنوان انقضاء الرابطة الوظيفية والرقابة القضائية على القرارات الصادرة بشأنها :
بقية العنوان دراسة مقارنة /
بيان المسئوليه,etc حسان عبد الله يونس الطائي.
250 ## - بيان الطبعة
بيان الطبعة ط. 1.
260 ## - PUBLICATION, DISTRIBUTION, ETC. (IMPRINT)
مكان الناشر او الموزع القاهرة :
اسم الناشر او الموزع المركز العربي للنشر والتوزيع،
تاريخ النشر أو التوزيع 2017.
300 ## - الوصف المادى
التعداد 637 ص. ؛
أبعاد الوعاء 24 سم.
504 ## - تبصرة ببليوجرافية
تبصرة ببليوجرافية,الخ يشتمل علي إرجاعات ببليوجرافية.
650 #4 - المدخل الاضافى بالموضوع-مصطلح موضوعى
مصطلح موضوعي أو اسم جغرافي كعنصر مدخل الرقابة القضائية
التقسيم الفرعي الجغرافي مصر
9 (RLIN) 22070
650 #4 - المدخل الاضافى بالموضوع-مصطلح موضوعى
مصطلح موضوعي أو اسم جغرافي كعنصر مدخل الأحكام الجنائية
التقسيم الفرعي الجغرافي مصر
9 (RLIN) 59988
942 ## - عناصر المدخل الإضافي( كوها)
Koha [default] item type كتاب
المقتنيات
حالة الفقد نموذج السعر الفعال حالة تلف ليس للاعارة رقم الطلب رقم النسخة تاريخ الاكتساب الموقع الحالي الباركود الفرع الرئيسي Date last seen نوع المادة فى نظام كوها مصدر التصنيف او خطة الترفيف Total Checkouts
  2017-10-03   Not For Loan 345.620772 ط ح ت 1 2017-10-03 المكتبة المركزية بالمجمعة (CL) 00235544 المكتبة المركزية بالمجمعة (CL) 2017-10-03 كتاب Dewey Decimal Classification  
  2017-10-03     345.620772 ط ح ت 2 2017-10-03 المكتبة المركزية بالمجمعة (CL) 00235543 المكتبة المركزية بالمجمعة (CL) 2017-10-03 كتاب Dewey Decimal Classification  
  2017-10-03     345.620772 ط ح ت 3 2017-10-03 المكتبة المركزية بالمجمعة (CL) 00235545 المكتبة المركزية بالمجمعة (CL) 2017-10-03 كتاب Dewey Decimal Classification  
  2017-10-03   Not For Loan 345.620772 ط ح ت 1 2017-10-03 كلية الشريعة والقانون - طلاب 00235546 كلية الشريعة والقانون - طلاب 2017-10-03 كتاب Dewey Decimal Classification  
  2017-10-03     345.620772 ط ح ت 2 2017-10-03 كلية الشريعة والقانون - طلاب 00235547 كلية الشريعة والقانون - طلاب 2017-10-03 كتاب Dewey Decimal Classification  
  2017-10-03   Not For Loan 345.620772 ط ح ت 1 2017-10-03 مكتبة مجمع الكليات بالزلفى - طلاب (SZM) 00235350 مكتبة مجمع الكليات بالزلفى - طلاب (SZM) 2017-10-03 كتاب Dewey Decimal Classification  
  2017-10-03     345.620772 ط ح ت 2 2017-10-03 مكتبة مجمع الكليات بالزلفى - طلاب (SZM) 00235351 مكتبة مجمع الكليات بالزلفى - طلاب (SZM) 2017-10-03 كتاب Dewey Decimal Classification